书目信息 |
| 题名: |
语言的探索
|
|
| 作者: | 王士元 著 ;石锋 译 | |
| 分册: | ||
| 出版信息: | 北京 北京语言文化大学出版社 2000 |
|
| 页数: | 359页 | |
| 开本: | 20cm | |
| 丛书名: | 汉语语言学世纪丛书 | |
| 单 册: | ||
| 中图分类: | H0-53 | |
| 科图分类: | ||
| 主题词: | 语言学--文集 | |
| 电子资源: | ||
| ISBN: | 7-5619-0893-8 | |
| 000 | 00836nam2 2200253 45 | |
| 001 | 0312290954 | |
| 005 | 20031229093322.5 | |
| 010 | @a7-5619-0893-8@dCNY24.00 | |
| 100 | @a20031229d2000 km y0chiy0120 ea | |
| 101 | 0 | @achi |
| 105 | @a z 000yy | |
| 200 | 1 | @a语言的探索@AYu Yan De Tan Suo@e王士元语言学论文选译@EWang Shi Yuan Yu Yan Xue Lun Wen Xuan Yi@f(美)王士元著@F(Mei)Wang Shi Yuan Zhu@g石锋等译 |
| 210 | @a北京@c北京语言文化大学出版社@d2000 | |
| 215 | @a359页@d20cm | |
| 225 | @a汉语语言学世纪丛书 | |
| 410 | @12001 @a汉语语言学世纪丛书 | |
| 517 | @a王士元语言学论文选译@AWang Shi Yuan Yu Yan Xue Lun Wen Xuan Yi | |
| 600 | 0 | @a王士元@x文集 |
| 606 | 0 | @a语言学@x文集 |
| 690 | @aH0-53@v4 | |
| 701 | 0 | @a王士元@4著 |
| 702 | 0 | @a石锋@AShi Feng@4译 |
| 801 | @aCN@bTSTC@c20031229 | |
| 905 | @b330531-535@dH0-53@e109@f5 | |
| 语言的探索:王士元语言学论文选译/(美)王士元著/石锋等译.-北京:北京语言文化大学出版社,2000 |
| 359页;20cm.-(汉语语言学世纪丛书) |
| ISBN 7-5619-0893-8:CNY24.00 |
| ● |
| 相关链接 |
|
|
|
|
正题名:语言的探索
索取号:H0-53/109
 
预约/预借
| 序号 | 登录号 | 条形码 | 馆藏地/架位号 | 状态 | 备注 |
| 1 | 0330531 | 203305315 | 第四借阅区/ [索取号:H0-53/109] | 在馆 | |
| 2 | 0330532 | 203305324 | 第四借阅区/ [索取号:H0-53/109] | 在馆 | |
| 3 | 0330533 | 203305333 | 第四借阅区/ [索取号:H0-53/109] | 在馆 | |
| 4 | 0330534 | 203305342 | 第四借阅区/ [索取号:H0-53/109] | 在馆 | |
| 5 | 0330535 | 203305351 | 第二样本阅览室/ [索取号:H0-53/109] | 在馆 |